All Wrestlemania Main Event Winners - Statistics

General Stats
  • This quiz has been taken 14 times
  • The average score is 33 of 48
Answer Stats
Wrestlemania Winner % Correct
Wrestlemania 1 Hulk Hogan
90%
Wrestlemania 2 Hulk Hogan
90%
Wrestlemania 3 Hulk Hogan
90%
Wrestlemania 5 Hulk Hogan
90%
Wrestlemania 7 Hulk Hogan
90%
Wrestlemania 8 Hulk Hogan
90%
Wrestlemania 9 Hulk Hogan
90%
Wrestlemania 1 Mr T
90%
Wrestlemania 12 Shawn Michaels
90%
Wrestlemania 13 Undertaker
90%
Wrestlemania 10 Bret Hart
80%
Wrestlemania 19 Brock Lesnar
80%
Wrestlemania 16 Triple H
80%
Wrestlemania 6 Ultimate Warrior
80%
Wrestlemania 35 Becky Lynch
70%
Wrestlemania 34 Brock Lesnar
70%
Wrestlemania 40 Cody Rhodes
70%
Wrestlemania 30 Daniel Bryan
70%
Wrestlemania 32 Roman Reigns
70%
Wrestlemania 33 Roman Reigns
70%
Wrestlemania 37 Roman Reigns
70%
Wrestlemania 31 Seth Rollins
70%
Wrestlemania 14 Stone Cold
70%
Wrestlemania 18 Triple H
70%
Wrestlemania 25 Triple H
70%
Wrestlemania 36 Undertaker
70%
Wrestlemania 37 Bianca Belair
60%
Wrestlemania 36 Drew McIntyre
60%
Wrestlemania 22 John Cena
60%
Wrestlemania 23 John Cena
60%
Wrestlemania 29 John Cena
60%
Wrestlemania 4 Randy Savage
60%
Wrestlemania 38 Roman Reigns
60%
Wrestlemania 39 Roman Reigns
60%
Wrestlemania 40 Roman Reigns
60%
Wrestlemania 15 Stone Cold
60%
Wrestlemania 17 Stone Cold
60%
Wrestlemania 28 The Rock
60%
Wrestlemania 40 The Rock
60%
Wrestlemania 24 Undertaker
60%
Wrestlemania 26 Undertaker
60%
Wrestlemania 21 Batista
50%
Wrestlemania 20 Chris Benoit
50%
Wrestlemania 39 Kevin Owens
50%
Wrestlemania 11 Lawrence Taylor
50%
Wrestlemania 39 Sami Zayn
50%
Wrestlemania 38 Stone Cold
40%
Wrestlemania 27 The Miz
40%
No matching quizzes found
Score Distribution
Percent of People with Each Score
Percentile by Number Answered
Your Score History
You have not taken this quiz